<?xml version="1.0" encoding="UTF-8"?>
<record
    xmlns:xsi="http://www.w3.org/2001/XMLSchema-instance"
    xsi:schemaLocation="http://www.loc.gov/MARC21/slim http://www.loc.gov/standards/marcxml/schema/MARC21slim.xsd"
    xmlns="http://www.loc.gov/MARC21/slim">

  <leader>01611nam0a22003011  4500</leader>
  <controlfield tag="001">v19\rc\1638561</controlfield>
  <controlfield tag="005">20260407023842.0</controlfield>
  <datafield tag="035" ind1=" " ind2=" ">
    <subfield code="a">(NLR Aleph) 004752309</subfield>
  </datafield>
  <datafield tag="090" ind1=" " ind2=" ">
    <subfield code="a">4543133</subfield>
    <subfield code="c">4543133</subfield>
  </datafield>
  <datafield tag="100" ind1=" " ind2=" ">
    <subfield code="a">20061002d1900    |||y0rusy50      ca</subfield>
  </datafield>
  <datafield tag="101" ind1="0" ind2=" ">
    <subfield code="a">rus</subfield>
  </datafield>
  <datafield tag="102" ind1=" " ind2=" ">
    <subfield code="a">RU</subfield>
  </datafield>
  <datafield tag="105" ind1=" " ind2=" ">
    <subfield code="a">y   z   |||c|</subfield>
  </datafield>
  <datafield tag="200" ind1="1" ind2=" ">
    <subfield code="a">&#x41A;&#x440;&#x430;&#x442;&#x43A;&#x438;&#x439; &#x43E;&#x447;&#x435;&#x440;&#x43A; &#x434;&#x435;&#x44F;&#x442;&#x435;&#x43B;&#x44C;&#x43D;&#x43E;&#x441;&#x442;&#x438; &#x421;.-&#x41F;&#x435;&#x442;&#x435;&#x440;&#x431;&#x443;&#x440;&#x433;&#x441;&#x43A;&#x43E;&#x433;&#x43E; &#x433;&#x43E;&#x440;&#x43E;&#x434;&#x441;&#x43A;&#x43E;&#x433;&#x43E; &#x43F;&#x43E;&#x43F;&#x435;&#x447;&#x438;&#x442;&#x435;&#x43B;&#x44C;&#x441;&#x442;&#x432;&#x430; &#x43E; &#x43D;&#x430;&#x440;&#x43E;&#x434;&#x43D;&#x43E;&#x439; &#x442;&#x440;&#x435;&#x437;&#x432;&#x43E;&#x441;&#x442;&#x438; &#x441;&#x43E; &#x434;&#x43D;&#x44F; &#x435;&#x433;&#x43E; &#x43E;&#x442;&#x43A;&#x440;&#x44B;&#x442;&#x438;&#x44F; (15 &#x44F;&#x43D;&#x432;. 1898 &#x433;.) &#x43F;&#x43E; 1 &#x43C;&#x430;&#x440;&#x442;&#x430; 1900 &#x433;.</subfield>
    <subfield code="f">[&#x412;&#x441;&#x435;&#x43C;&#x438;&#x440;. &#x432;&#x44B;&#x441;&#x442;. &#x432; &#x41F;&#x430;&#x440;&#x438;&#x436;&#x435; &#x432; 1900 &#x433;. &#x420;&#x443;&#x441;. &#x43E;&#x442;&#x434;. 16 &#x433;&#x440;&#x443;&#x43F;&#x43F;&#x430;. &#x41F;&#x43E;&#x43F;&#x435;&#x447;&#x438;&#x442;&#x435;&#x43B;&#x44C;&#x441;&#x442;&#x432;&#x43E; &#x43E; &#x43D;&#x430;&#x440;. &#x442;&#x440;&#x435;&#x437;&#x432;&#x43E;&#x441;&#x442;&#x438;]</subfield>
  </datafield>
  <datafield tag="210" ind1=" " ind2=" ">
    <subfield code="a">&#x421;&#x430;&#x43D;&#x43A;&#x442;-&#x41F;&#x435;&#x442;&#x435;&#x440;&#x431;&#x443;&#x440;&#x433;</subfield>
    <subfield code="d">1900</subfield>
  </datafield>
  <datafield tag="215" ind1=" " ind2=" ">
    <subfield code="a">7 &#x441;.</subfield>
    <subfield code="d">25</subfield>
  </datafield>
  <datafield tag="532" ind1="1" ind2="2">
    <subfield code="a">&#x41A;&#x440;&#x430;&#x442;&#x43A;&#x438;&#x439; &#x43E;&#x447;&#x435;&#x440;&#x43A; &#x434;&#x435;&#x44F;&#x442;&#x435;&#x43B;&#x44C;&#x43D;&#x43E;&#x441;&#x442;&#x438; &#x421;&#x430;&#x43D;&#x43A;&#x442;-&#x41F;&#x435;&#x442;&#x435;&#x440;&#x431;&#x443;&#x440;&#x433;&#x441;&#x43A;&#x43E;&#x433;&#x43E; &#x433;&#x43E;&#x440;&#x43E;&#x434;&#x441;&#x43A;&#x43E;&#x433;&#x43E; &#x43F;&#x43E;&#x43F;&#x435;&#x447;&#x438;&#x442;&#x435;&#x43B;&#x44C;&#x441;&#x442;&#x432;&#x430; &#x43E; &#x43D;&#x430;&#x440;&#x43E;&#x434;&#x43D;&#x43E;&#x439; &#x442;&#x440;&#x435;&#x437;&#x432;&#x43E;&#x441;&#x442;&#x438; &#x441;&#x43E; &#x434;&#x43D;&#x44F; &#x435;&#x433;&#x43E; &#x43E;&#x442;&#x43A;&#x440;&#x44B;&#x442;&#x438;&#x44F; 15 &#x44F;&#x43D;&#x432;. 1898 &#x433;. &#x43F;&#x43E; 1 &#x43C;&#x430;&#x440;&#x442;&#x430; 1900 &#x433;.</subfield>
  </datafield>
  <datafield tag="710" ind1="0" ind2="2">
    <subfield code="a">&#x41F;&#x435;&#x442;&#x435;&#x440;&#x431;&#x443;&#x440;&#x433;&#x441;&#x43A;&#x43E;&#x435; &#x433;&#x43E;&#x440;. &#x43F;&#x43E;&#x43F;&#x435;&#x447;&#x438;&#x442;&#x435;&#x43B;&#x44C;&#x441;&#x442;&#x432;&#x43E; &#x43E; &#x43D;&#x430;&#x440;&#x43E;&#x434;&#x43D;&#x43E;&#x439; &#x442;&#x440;&#x435;&#x437;&#x432;&#x43E;&#x441;&#x442;&#x438;</subfield>
    <subfield code="3">RU\NLR\AUTH\889937890</subfield>
    <subfield code="9">370591</subfield>
  </datafield>
  <datafield tag="712" ind1="1" ind2="2">
    <subfield code="a">&#x412;&#x441;&#x435;&#x43C;&#x438;&#x440;&#x43D;&#x430;&#x44F; &#x432;&#x44B;&#x441;&#x442;&#x430;&#x432;&#x43A;&#x430;</subfield>
    <subfield code="f">1900</subfield>
    <subfield code="e">&#x41F;&#x430;&#x440;&#x438;&#x436;</subfield>
    <subfield code="b">&#x420;&#x443;&#x441;&#x441;&#x43A;&#x438;&#x439; &#x43E;&#x442;&#x434;&#x435;&#x43B;</subfield>
    <subfield code="3">RU\NLR\AUTH\8810009370</subfield>
    <subfield code="9">516467</subfield>
  </datafield>
  <datafield tag="801" ind1=" " ind2="0">
    <subfield code="a">RU</subfield>
    <subfield code="b">NLR</subfield>
    <subfield code="g">psbo</subfield>
  </datafield>
  <datafield tag="801" ind1=" " ind2="0">
    <subfield code="a">RU</subfield>
    <subfield code="b">RuMoRGB</subfield>
    <subfield code="2">psbo</subfield>
  </datafield>
  <datafield tag="801" ind1=" " ind2="1">
    <subfield code="a">RU</subfield>
    <subfield code="b">ProSoft-M</subfield>
    <subfield code="2">rusmarc</subfield>
  </datafield>
  <datafield tag="852" ind1=" " ind2=" ">
    <subfield code="a">NLR</subfield>
    <subfield code="j">20.62.6.176</subfield>
  </datafield>
  <datafield tag="899" ind1=" " ind2=" ">
    <subfield code="a">RuMoRGB</subfield>
    <subfield code="j">V 209/231</subfield>
  </datafield>
  <datafield tag="899" ind1=" " ind2=" ">
    <subfield code="a">RuMoRGB</subfield>
    <subfield code="j">&#x420;&#x431; 47/768</subfield>
  </datafield>
  <datafield tag="899" ind1=" " ind2=" ">
    <subfield code="a">&#x41D;&#x411; &#x41C;&#x413;&#x423;</subfield>
  </datafield>
  <datafield tag="942" ind1=" " ind2=" ">
    <subfield code="c">BOOK</subfield>
  </datafield>
  <datafield tag="980" ind1=" " ind2=" ">
    <subfield code="a">NB</subfield>
  </datafield>
  <datafield tag="995" ind1=" " ind2=" ">
    <subfield code="5">2013-10-26</subfield>
    <subfield code="b">NLR02</subfield>
    <subfield code="c">NLR02</subfield>
    <subfield code="e">RFS</subfield>
    <subfield code="f">1-3822676</subfield>
    <subfield code="k">20.62.6.176</subfield>
    <subfield code="o">0</subfield>
    <subfield code="r">BOOK</subfield>
    <subfield code="s">20626176_</subfield>
  </datafield>
</record>
